00883nam a22002417a 450000500170000000800410001702000180005804000070007604100080008308200220009110000130011324500280012626000500015430000290020436500810023352001990031465000240051365000130053765000260055065000170057665000330059370000150062620221208113501.0221208b ||||| |||| 00| 0 eng d a9789391679569 cAL aeng 223a001.535bRENA aR Renuka aArtificial intelligence aHyderabadbProfessional Books Publisherc2022 aviii,122p.bPBc21x14cm. 2Computer Applications & Animationa6350b128.00c₹d160.00e20%f6-12-2022 aThis book introduces the various concepts of Artificial Intelligence. Artificial Intelligence (AI) is a branch of computer science concerned with building machines capable of performing tasks.  aIntelligent Systems aRobotics aLaboratory Activities aNEP Syllabus a3rd Semester BA BCom BSc BSW aRENUKA (R)